01212nam a22002177a 4500008004100000020001500041040001800056041000800074111010300082245018100185260006000366300001800426504002800444650003100472650008000503650007400583650008200657650008100739651011000820710006400930130821s2001 ck gr spa  a9589685455 aCo-BoUCMbspa00aspa1 aForo "Participación Ciudadana en la Planeación del Desarrollo Municipal, Distrital y Nacional"10aMemorias del foro participación ciudadana en la planeación del desarrollo municipal, distrital y nacional"cAlcaldía Mayor de Bogotá, Veeduría Distrital... [et al.]. aBogotá (Colombia)bAlcaldía Mayor de Bogotác2001 a234 páginas aIncluye bibliografía.04aAdministración pública04aCrecimiento económicozBogotá (Colombia)vCongresos, conferencias, etc.04aDesarrollo socialzBogotá (Colombia)vCongresos, conferencias, etc.04aParticipación ciudadanazBogotá (Colombia)vCongresos, conferencias, etc.04aPlanificación regionalzBogotá (Colombia)vCongresos, conferencias, etc. 4aBogotá (Colombia)xAdministración públicaxParticipación ciudadanavCongresos, conferencias, etc.1 aBogotá (Colombia).bAlcaldia Mayor.bVeeduría Distrital